| 000 | 01178cam a2200349 i 4500 | ||
|---|---|---|---|
| 001 | 19321 | ||
| 003 | KOSZ 005 | ||
| 005 | 20220322095411.0 | ||
| 008 | 000320s1980 pl a f |000 0 pol | ||
| 015 | _aPB 1980/5673 | ||
| 040 |
_aWA N _cWA N _dKOSZ 005/HR |
||
| 041 | 0 |
_apol _brus _beng |
|
| 046 | _k1980 | ||
| 080 | _a621.51/.54 | ||
| 080 | _a62-55 | ||
| 100 | 1 |
_aNiewczas, Wiesław _eAutor |
|
| 245 | 1 | 0 |
_aWłaściwości układowe pneumatycznych regulatorów analogowych o suboptymalnych algorytmach działania / _cWiesław Niewczas ; Politechnika Warszawska. |
| 260 |
_aWarszawa : _bWydaw-a PW, _c1980. |
||
| 300 |
_a99 s. : _bil. tab. wykr. ; _c24 cm. |
||
| 380 | _aKsiążki | ||
| 388 | _a1901-2000 | ||
| 388 | _a1945-1989 | ||
| 500 | _aOpis wg okł. | ||
| 504 | _aBibliogr. s. 91-95. | ||
| 546 | _aStrszcz. ros., ang. | ||
| 650 | 4 | _aMaszyny i narzędzia pneumatyczne | |
| 650 | 4 | _aRegulatory | |
| 658 | _aInżynieria i technika | ||
| 710 | 2 |
_aWydawnictwa Politechniki Warszawskiej _4pbl. |
|
| 856 |
_uhttp://koha.tu.koszalin.pl/cgi-bin/koha/opac-detail.pl?biblionumber=19321 _yKatalog online BPK |
||
| 942 |
_2UKD _cKS |
||
| 999 |
_c19321 _d19321 |
||